000
00325nam a22001457a 4500
008
230707b ||||| |||| 00| 0 eng d
020
_a
9781433803109
041
_a
eng
080
_a
159.9
082
_a
159.9WAT
100
_a
25
101
_a
PSI
245
_a
GENDER OCCUPATIONAL OUTCOMES
_c
WATT.G.M.H
942
_2
udc
_c
BK
999
_c
60114
_d
60114